| 000 | 01325cam a2200349 a 4500 | ||
|---|---|---|---|
| 001 | 743648 | ||
| 005 | 20221010123855.0 | ||
| 008 | 990318s1999 enk b 001 0 eng d | ||
| 010 | _a 99185718 | ||
| 020 | _a0415197422 (hbk) | ||
| 020 | _a0415197430 (pbk) | ||
| 035 | _a(CStRLIN)WALO99-B651 | ||
| 040 |
_aTxU _cTxU _dIaU-L _dWaU-L _dDLC |
||
| 042 | _alccopycat | ||
| 043 |
_aae----- _aas----- |
||
| 050 | 0 | 0 |
_aKVC514 _b.L39 1999 |
| 082 |
_a340.110959 _bLAW |
||
| 245 | 0 | 0 |
_aLaw, capitalism and power in Asia : _bthe rule of law and legal institutions / _cedited by Kanishka Jayasuriya. |
| 260 |
_aLondon ; _aNew York : _bRoutledge, _c1999. |
||
| 300 |
_axiii, 345 p. ; _c24 cm. |
||
| 440 | 0 |
_aAsian capitalisms _999666 |
|
| 504 | _aIncludes bibliographical references and index. | ||
| 650 | 0 |
_aRule of law _zEast Asia. _999667 |
|
| 650 | 0 |
_aRule of law _zSoutheast Asia. _999668 |
|
| 650 | 0 |
_aCapitalism _zEast Asia. _999669 |
|
| 650 | 0 |
_aCapitalism _zSoutheast Asia. _999670 |
|
| 700 | 1 |
_aJayasuriya, Kanishka, _d1959- _999671 |
|
| 856 | 4 | 2 |
_3Publisher description _uhttp://www.loc.gov/catdir/enhancements/fy0649/99185718-d.html |
| 906 |
_a7 _bcbc _ccopycat _d2 _encip _f19 _gy-gencatlg |
||
| 942 |
_2ddc _cBK |
||
| 999 |
_c591611 _d591611 |
||